Tiere mit "P" aufzählen - Statistiken

Allgemein
  • Dieses Quiz wurde 364 mal gespielt
  • Das Durchschnittsergebnis liegt bei 11 aus 33
Antwortstatistiken
Tier mit P % Korrekt
Pferd
89%
Papagei
75%
Panda
72%
Pfau
71%
Panther
67%
Puma
67%
Pinguin
66%
Pelikan
57%
Pony
48%
Pudel
47%
Python
44%
Pavian
40%
Pottwal
37%
Piranha
32%
Pute
32%
Papageientaucher
30%
Pinscher
29%
Pirol
23%
Paradiesvogel
21%
Perserkatze
21%
Pekinese
20%
Pferdebremse
19%
Polarbär
17%
Polarfuchs
17%
Polyp
17%
Perlhuhn
14%
Pillendreher
14%
Präriehund
14%
Primat
13%
Pantoffeltierchen
10%
Pfeilgiftfrosch
8%
Pfeifhase
4%
Pistolenkrebs
1%
Keine übereinstimmenden Quizze gefunden
Verteilung der Resultate
Anzahl Personen mit jedem Resultat
Perzentil nach korrekt beantworteten Fragen
Ihre Resultats-Entwicklung
Sie haben dieses Quiz noch nicht gespielt